Một số quy định mới về đấu thầu

Bewaard in:
Bibliografische gegevens
Formaat: Boek
Taal:Undetermined
Gepubliceerd in: Hà Nội Chính trị Quốc gia 2003
Onderwerpen:
Tags: Voeg label toe
Geen labels, Wees de eerste die dit record labelt!
Thư viện lưu trữ: Trung tâm Học liệu Trường Đại học Cần Thơ
LEADER 00457nam a2200157Ia 4500
001 CTU_91640
008 210402s9999 xx 000 0 und d
082 |a 352.53 
082 |b M458 
245 0 |a Một số quy định mới về đấu thầu 
260 |a Hà Nội 
260 |b Chính trị Quốc gia 
260 |c 2003 
650 |a Industrial procurement 
904 |i Minh 
980 |a Trung tâm Học liệu Trường Đại học Cần Thơ